Normal view
MARC view
- Pendanx, Michèle
Entry Nombre Personal
001 - NUMERO DE CONTROL
- campo de control: 44049
003 - IDENTIFICADOR DE NUMERO DE CONTROL
- campo de control: DLC
005 - FECHA Y HORA DE LA ÜLTIMA TRANSACCIÓN
- campo de control: 20220331085712.0
008 - DATOS DE LONGITUD FIJA
- campo de control de longitud fija: 220331n| acannaabn |a aaa c
010 ## - NÚMERO DE CONTROL DE LA BIBLIOTECA DEL CONGRESO
- Número de control LC: no2003047246
035 ## - NUMERO DE CONTROL
- Número de control: (OCoLC)oca06048345
040 ## - FUENTE DE CATALOGACIÓN
- Agencia original de catalogación: SaJbRAU
- Lenguaje de catalogación: spa
- Agencia de transcripción: SaJbRAU
- Agencia que lo modifica: MX-MxUPN
100 1# - ENCABEZAMIENTO - NOMBRE PERSONAL
- Nombre personal: Pendanx, Michèle
400 1# - VEÁSE - NOMBRE DE PERSONA
- Personal name: Pendanx, Michelle
670 ## - FUENTE EN LA QUE SE LOCALIZARON DATOS
- Cita de la fuente: Nouvelle introduction á la didactique du francais langue étrangère, c2001:
- Información localizada: portada (Michèle Pendanx, Lycée de la Garriga et Institut des Sciences de l'Éducation, Université autonome de Barcelone)
670 ## - FUENTE EN LA QUE SE LOCALIZARON DATOS
- Cita de la fuente: OCLC database, May 13, 2003:
- Información localizada: (hdg: Pendanx, Michèle; usage: Michèle Pendanx, Michelle Pendanx)
902 ## - CATALOGADOR
- Catalogador: NDAF/220331
